Mos Def Discography - Statistics

General Stats
  • This quiz has been taken 4 times
  • The average score is 5 of 10
Answer Stats
Year Name Type % Correct
1999 Black on Both Sides Album
100%
1998 Mos Def & Talib Kweli Are Black Star Collaborative Album
100%
2009 The Ecstatic Album
75%
2004 The New Danger Album
75%
2006 True Magic Album
50%
2008 Audio 3 Compilation
25%
2004 Manifest Destiny Collaborative Album
25%
2007 Mos Definite Compilation
25%
2002 We Are Hip-Hop: Me, You, Everybody Compilation
25%
2008 We Are Hip-Hop: Me, You, Everybody, Pt. 2 Compilation
0%
No matching quizzes found
Score Distribution
Percent of People with Each Score
Percentile by Number Answered
Your Score History
You have not taken this quiz